A sportdiplomácia szerepe a nemzetközi kapcsolatokban
| Main Author: | |
|---|---|
| Other Authors: | |
| Format: | Thesis |
| Kulcsszavak: | Európai Unió Magyarország nemzetközi kapcsolatok soft power sportdiplomácia sportpolitika |
| Online Access: | http://dolgozattar.uni-bge.hu/58824 |
MARC
| LEADER | 00000nta a2200000 i 4500 | ||
|---|---|---|---|
| 001 | dolg58824 | ||
| 005 | 20251027142459.0 | ||
| 008 | 251027suuuu hu om 000 hun d | ||
| 040 | |a BGE Dolgozattár Repozitórium |b hun | ||
| 041 | |a hu | ||
| 100 | 1 | |a Németh Kata Luca | |
| 245 | 1 | 2 | |a A sportdiplomácia szerepe a nemzetközi kapcsolatokban |c Németh Kata Luca |h [elektronikus dokumentum] |
| 520 | 3 | |a A szakdolgozat a sportdiplomácia nemzetközi kapcsolatokban betöltött szerepét vizsgálja, különös tekintettel az Európai Unió és Magyarország gyakorlatára. A kutatás feltárja, hogyan vált a sport a diplomácia aktív eszközévé, és hogyan járul hozzá a nemzetek közötti párbeszéd, együttműködés és országimázs formálásához. A dolgozat elméleti áttekintést nyújt a sportdiplomácia történeti fejlődéséről, bemutatja az EU sportstratégiáját és Magyarország sportdiplomáciai törekvéseit, majd kvalitatív módszerrel, félig strukturált interjúk elemzésével tárja fel a gyakorlati tapasztalatokat. Az eredmények igazolják, hogy a sport képes erősíteni a nemzetközi kapcsolatokat, elősegíti a kulturális és politikai párbeszédet, ugyanakkor rámutatnak a sportdiplomácia korlátaira is. A dolgozat javaslatokat fogalmaz meg Magyarország sportdiplomáciai stratégiájának tudatosabb fejlesztésére. | |
| 695 | |a Európai Unió | ||
| 695 | |a Magyarország | ||
| 695 | |a nemzetközi kapcsolatok | ||
| 695 | |a soft power | ||
| 695 | |a sportdiplomácia | ||
| 695 | |a sportpolitika | ||
| 700 | 1 | |a Horváth Gabriella |e ths | |
| 700 | 1 | |a Sáringer Dr. habil János |e ths | |
| 856 | 4 | 0 | |u http://dolgozattar.uni-bge.hu/58824/1/N%C3%A9meth_Kata_Luca_2025.pdf |z Dokumentum-elérés |
| 856 | 4 | 0 | |u http://dolgozattar.uni-bge.hu/58824/2/Interj%C3%BAk.pdf |z Dokumentum-elérés |
| 856 | 4 | 0 | |u http://dolgozattar.uni-bge.hu/58824/3/Szakdolgozat%20E%CC%81rte%CC%81kele%CC%81s.pdf |z Dokumentum-elérés |
| 856 | 4 | 0 | |u http://dolgozattar.uni-bge.hu/58824/4/N%C3%A9meth%20Kata%20Luca_B%C3%ADr%C3%A1lati%20lap.pdf |z Dokumentum-elérés |